Les 15 plus grands joueurs de hockey - Statistiques

Statistiques générales
  • Ce quiz a été pris 685 fois
  • Le résultat moyen est 5 sur 15
Statistiques - réponses
Hint Réponse % Correct
3 Mario Lemieux
77%
5 Maurice Richard
63%
8 Guy Lafleur
57%
13 Patrick Roy
44%
4 Bobby Orr
43%
2 Gordie Howe
39%
7 Jean Béliveau
37%
10 Jaromir Jagr
36%
12 Martin Brodeur
31%
6 Bobby Hull
22%
9 Mark Messier
22%
15 Raymond Bourque
19%
1 Wayne Greztky
17%
14 Nicklas Lidstrom
8%
11 Doug Harvey
6%
Aucun quiz correspondant
Distribution des résultats
% des personnes avec chaque résultat
Percentile par nombre de réponses
Votre historique - résultats
Vous n’avez pas pris ce quiz